Advanced strength of materials (Record no. 6074)

000 -LEADER
fixed length control field 00525nam a2200193 4500
001 - CONTROL NUMBER
control field 6074
003 - CONTROL NUMBER IDENTIFIER
control field BD-DhHUET
008 - FIXED-LENGTH DATA ELEMENTS--GENERAL INFORMATION
fixed length control field 790809s1952 nyua 001 0 eng
020 ## - INTERNATIONAL STANDARD BOOK NUMBER
International Standard Book Number 070164002
040 ## - CATALOGING SOURCE
Original cataloging agency DLC
Transcribing agency DLC
Modifying agency BD-DhHUET
082 ## - DEWEY DECIMAL CLASSIFICATION NUMBER
Classification number 620.11
Item number DEN/1952
100 1# - MAIN ENTRY--PERSONAL NAME
Personal name Den Hartog, J. P.
245 10 - TITLE STATEMENT
Title Advanced strength of materials
Statement of responsibility, etc. by Den Hartog, J. P.
250 ## - EDITION STATEMENT
Edition statement 1st ed.
260 ## - PUBLICATION, DISTRIBUTION, ETC. (IMPRINT)
Place of publication, distribution, etc. New York
Name of publisher, distributor, etc. McGraw-Hill
Date of publication, distribution, etc. 1952
300 ## - PHYSICAL DESCRIPTION
Extent ix,379 p.
Other physical details illus.
Dimensions 24 cm.
650 #0 - SUBJECT ADDED ENTRY--TOPICAL TERM
Topical term or geographic name as entry element Strength of materials: engineering
942 ## - ADDED ENTRY ELEMENTS (KOHA)
Koha item type General Book
Holdings
Sublocation or collection (holding branch) Koha date last seen Price effective from Lost status Copy number Koha item type Date acquired Source of classification or shelving scheme Piece designation (barcode) Withdrawn status Not for loan Damaged status Shelving location Koha full call number Koha normalized classification for sorting Location (home branch)
Central Library, BUET2014-11-302014-11-30 1General Book2014-11-30 87925   Circulation section620.11/DEN/1952620_000000000000000_11DEN1952Central Library, BUET
Central Library, BUET2015-04-232015-04-23 2General Book2015-04-23 29906   Circulation section620.11/DEN/1952620_110000000000000_DEN_1952Central Library, BUET
Central Library, BUET2015-04-232015-04-23 3General Book2015-04-23 29901   Circulation section620.11/DEN/1952620_110000000000000_DEN_1952Central Library, BUET
Central Library, BUET2015-04-232015-04-23 4General Book2015-04-23 34760   Circulation section620.11/DEN/1952620_110000000000000_DEN_1952Central Library, BUET
Central Library, BUET2015-04-232015-04-23 5General Book2015-04-23 29903   Circulation section620.11/DEN/1952620_110000000000000_DEN_1952Central Library, BUET
Central Library, BUET2015-04-232015-04-23 6General Book2015-04-23 34761   Circulation section620.11/DEN/1952620_110000000000000_DEN_1952Central Library, BUET
Central Library, BUET2015-04-232015-04-23 7General Book2015-04-23 29908   Circulation section620.11/DEN/1952620_110000000000000_DEN_1952Central Library, BUET
Central Library, BUET2015-04-232015-04-23 8General Book2015-04-23 29905   Circulation section620.11/DEN/1952620_110000000000000_DEN_1952Central Library, BUET
Central Library, BUET2015-04-232015-04-23 9General Book2015-04-23 29904   Circulation section620.11/DEN/1952620_110000000000000_DEN_1952Central Library, BUET
Central Library, BUET2015-04-252015-04-25 10General Book2015-04-25 34762   Circulation section620.11/DEN/1952620_110000000000000_DEN_1952Central Library, BUET
Central Library, BUET2015-04-252015-04-25 11General Book2015-04-25 29907   Circulation section620.11/DEN/1952620_110000000000000_DEN_1952Central Library, BUET